| 000 | 00780nam a22002297a 4500 | ||
|---|---|---|---|
| 999 |
_c16623 _d16623 |
||
| 003 | AR-CdUCM | ||
| 008 | 190504b ||||| |||| 00| 0 spa d | ||
| 040 |
_aMUNICIPALIDAD PROVINCIAL DEL CUSCO _cBIBLIOTECA MUNICIPAL DEL CUSCO |
||
| 082 |
_a947 / _bP74 / 1942 |
||
| 100 |
_aPokrovski, M. N. _936177 |
||
| 245 | _aHistoria de la cultura Rusa / | ||
| 260 |
_aBuenos Aires : _bClaridad, _c1942. |
||
| 300 |
_a315 páginas ; _c20 cm. |
||
| 440 |
_aColección hechos e ideas _936178 |
||
| 505 | _aContenido : Observaciones preliminares -- El régimen económico -- La economía "Urbana" ... | ||
| 650 |
_aHistoria _9246 |
||
| 650 |
_aRusia _9499 |
||
| 650 |
_aSiglo XX _98 |
||
| 700 |
_aLivov, Feodosia (Traducción) _936179 |
||
| 942 |
_2ddc _cLIBROS |
||
| 945 |
_arah _d04/05/2019 |
||